000 00575nam a2200181Ia 4500
005 20250508160153.0
008 008 250505s9999 xx 000 0 eng d
037 _aBooks to be hide in OPAC
040 _aFEDL
_beng
_cFEDL
041 _aeng
_2eng
084 _a370.942, ENG/O
_qFEDL
245 0 _aNatural science teaching in great Britain
245 0 _cBureau of Education. Department of the Interior
260 _aWashington, USA
_bU.S. Government Printing Office
_c1920
300 _a98p.
942 _cHB
_h370.942, ENG/O
999 _c1362398
_d1362398